Avances en recursos TIC e innovacin̤ educativa

Detalles Bibliográficos
Autor principal: Hinojo Lucena, Francisco Javier
Otros Autores: Aznar Da̕z, Inmaculada, Cc̀eres Reche, Mara̕ Pilar
Formato: eBook
Lenguaje:español
Publicado: Madrid: Dykinson, 2019
Materias:
Acceso en línea:Acceso restringido

MARC

LEADER 00000nam a22000007a 4500
005 20200420153821.0
007 cr|||| ||||
008 200420s2019 es |||||s|||| 00||0 spa d
020 |a 978-84-1324-355-9 
035 |a 31401 
040 |a vLex 
090 |c 10276  |d 10276 
100 1 |a Hinojo Lucena, Francisco Javier 
245 1 0 |a Avances en recursos TIC e innovacin̤ educativa  |h [Recurso electrn̤ico] /  |c Francisco Javier Hinojo Lucena, Inmaculada Aznar Da̕z, Mara̕ Pilar Cc̀eres Reche 
256 |a Servicio en ln̕ea 
260 |a Madrid:  |b Dykinson,  |c 2019 
300 |a 1 recurso electrn̤ico 
506 1 |a Disponible solo en los productos indicados  |d vLex Global  |d vLex Global (Academic Edition, excluding Law Schools)  |d vLex Global (U.S. Academic Edition, Law Schools)  |d vLex Global (U.S. Academic Edition, excluding Law Schools)  |d vLex Global (Academic Edition, Law Schools) 
650 0 4 |a Derecho Pb︢lico y Administrativo  |z Espaą 
700 1 |a Aznar Da̕z, Inmaculada 
700 1 |a Cc̀eres Reche, Mara̕ Pilar 
740 0 |a vLex Libros (Servicio en ln̕ea) 
856 4 0 |u http://vlex.com/source/avances-recursos-tic-innovacion-educativa-31401  |z Acceso restringido 
942 |c BOOK 
999 0 |a Public and Administrative Law